Nigeria's Petroleum Industry; A Maverick (Record no. 2796)

MARC details
000 -LEADER
fixed length control field 00334nam a22001337a 4500
008 - FIXED-LENGTH DATA ELEMENTS--GENERAL INFORMATION
fixed length control field 250402b |||||||| |||| 00| 0 eng d
020 ## - INTERNATIONAL STANDARD BOOK NUMBER
ISBN 9789786371
100 ## - MAIN ENTRY--AUTHOR
Author MARINHO F. R. A.
245 ## - TITLE STATEMENT
Title Nigeria's Petroleum Industry; A Maverick
260 ## - PUBLICATION, DISTRIBUTION, ETC. (IMPRINT)
Place of publication Lagos
Name of publisher MacMillan
Date of publication 2008
300 ## - COLLATION
Pagination xv, 618p.
942 ## - ADDED ENTRY ELEMENTS (KOHA)
Item type Books
050 ## - LIBRARY OF CONGRESS CALL NUMBER
Classification number HD95
Item number .M37
Holdings
Source of classification or shelving scheme Not for loan Permanent location Current location Date acquired Accession No. Full call number Barcode. Koha item type
Library of Congress Classification   Samuel Ogbemudia Main Library, University of Abuja Samuel Ogbemudia Main Library, University of Abuja 04/02/2025 2012/43317 HD95.M37 2025-1101 Books
Library of Congress Classification   Samuel Ogbemudia Main Library, University of Abuja Samuel Ogbemudia Main Library, University of Abuja 04/02/2025 2012/43317 HD95.M37 2025-1102 Books